|
|
|
|
| LEADER |
00000nam a2200000 i 4500 |
| 001 |
1/75131 |
| 008 |
980624s1993 gre d |
| 020 |
|
|
|a 960-444-007-1
|
| 035 |
|
|
|l 10032039
|
| 040 |
|
|
|a GR-MY-UA
|b gre
|e aacr
|
| 041 |
0 |
|
|a gre
|
| 082 |
0 |
|
|a 485
|
| 100 |
1 |
|
|a Κηρυκόπουλος, Μιλτιάδη Ι.
|
| 245 |
1 |
0 |
|a Γραμματική της αρχαίας ελληνικής /
|c Μιλτιάδη Ιακ. Κηρυκόπουλου
|
| 260 |
|
|
|a Αθήνα :
|b [χ.ό.],
|c 1993
|
| 300 |
|
|
|a 280 σ.
|
| 650 |
0 |
0 |
|a Greek language, Hellenistic (300 B.C.-600 A.D.)
|
| 852 |
|
|
|a INST
|b RHODES
|e 19980624
|h 485 ΚΗΡ
|p 005400006174
|q 005400006174
|t BK
|y 0
|
| 901 |
|
|
|a BIBL-1998-2
|
| 909 |
|
|
|a Ρ
|b 053695
|c 1998
|
| 922 |
|
|
|a 4ΕΛΗ
|b 199802
|c ΚΠΣ/ΔΕ
|d EMVASIS
|